000 00600nam a2200229Ia 4500
003 OSt
005 20221006163958.0
006 a|||||r|||| 00| 0
007 ta
008 221006b |||||||| |||| 00| 0 eng d
024 _a1,608
037 _cTextual
040 _aFML
_cFML
_beng
041 _2eng
_aeng
082 _aNR44,1, L3 -; 3
100 _aMenon Raghava R Au.
_9676117
245 0 _aDiscovering Indian Music
260 _aDelhi
_bSonaiya
_c1973
300 _a87
_ccm.
942 _hNR44,1, L3 -; 3
_cTEXL
_2CC
999 _c1115883
_d1115883